000
00322nam a2200133Ia 4500
005
20260328101452.0
008
260328s9999||||xx |||||||||||||| ||und||
100
_a
Grau, Crisitina
245
0
_a
Borges y la Arquitectura /
_c
Crisitina Grau
260
_b
Cátedra
300
_a
189 p.
650
_a
ARQUITECTURA
942
_c
BK
999
_c
8701
_d
8701